Managing hospitality human resources

Enregistré dans:
Détails bibliographiques
Auteur principal: Woods, Robert H.
Format: Livre
Langue:anglais
Publié: Lansing Education Institute American Hotel & Lodging Association 2002
Édition:3rd ed.
Collection:Educational Institute Books
Sujets:
Tags: Ajouter un tag
Pas de tags, Soyez le premier à ajouter un tag!

MARC

LEADER 00000nam a2200000 4500
001 0127639
005 20240313133141.4
020 |a 0-86612-221-4 
041 0 |a eng 
044 |a US 
245 1 0 |a Managing hospitality human resources  |c Robert H. Woods 
250 |a 3rd ed. 
264 1 |a Lansing  |b Education Institute American Hotel & Lodging Association  |c 2002 
300 |a 461 s. 
490 1 |a Educational Institute Books 
830 0 |a Educational Institute Books 
610 2 0 |a pohostinstvo 
610 2 0 |a riadenie ľudských zdrojov 
610 2 0 |a zamestnanci 
610 2 0 |a legislatíva 
610 2 0 |a miesta pracovné 
610 2 0 |a plánovanie 
610 2 0 |a nábor pracovníkov 
610 2 0 |a socializácia 
610 2 0 |a hodnotenie pracovníkov 
610 2 0 |a vyjednávanie kolektívne 
610 2 0 |a bezpečnosť práce 
610 2 0 |a zodpovednosť spoločenská 
610 2 0 |a zariadenia stravovacie 
610 2 0 |a zariadenia ubytovacie 
610 2 0 |a etika 
100 1 |a Woods, Robert H.